000 00317nam a22001457a 4500
008 210511b ||||| |||| 00| 0 eng d
020 _a9780312403621
041 _aeng
080 _26th
_a32
082 _a32
100 _a19
101 _aSHP
245 _aAmerica Firsthand
_cRobert D. Marcus
942 _2udc
_cBK
999 _c57246
_d57246